Los partidos políticos europeos (hasta 1914) (Record no. 106951)

MARC details
000 -LEADER
campo de control de longitud fija 00701nam a2200193 i 4500
001 - NÚMERO DE CONTROL
campo de control 106951
003 - IDENTIFICADOR DE NÚMERO DE CONTROL
campo de control ES-MaACL
005 - FECHA Y HORA DE LA ÚLTIMA TRANSACCIÓN
campo de control 20251007171525.0
007 - CAMPO FIJO DE DESCRIPCIÓN FÍSICA--INFORMACIÓN GENERAL
campo de control de longitud fija t|
008 - DATOS DE LONGITUD FIJA--INFORMACIÓN GENERAL
campo de control de longitud fija 061121s1918 sp r ||||1| spa d
100 1# - ENTRADA PRINCIPAL--NOMBRE DE PERSONA
Nombre de persona Moreno Recio, Mariano.
9 (RLIN) 83425
245 14 - MENCIÓN DEL TÍTULO
Título Los partidos políticos europeos (hasta 1914)
Resto del título : su historia, sus doctrinas, sus hombres /
Mención de responsabilidad, etc. Mariano Moreno Recio ; prólogo de Manuel González Hontoria.
260 ## - PUBLICACIÓN, DISTRIBUCIÓN, ETC.
Lugar de publicación, distribución, etc. Madrid :
Nombre del editor, distribuidor, etc. Biblioteca Nueva,
Fecha de publicación, distribución, etc. 1918.
300 ## - DESCRIPCIÓN FÍSICA
Extensión 468 p. ;
Dimensiones 19 cm.
650 #4 - PUNTO DE ACCESO ADICIONAL DE MATERIA--TÉRMINO DE MATERIA
Término de materia o nombre geográfico como elemento de entrada Partidos políticos-
Subdivisión geográfica Europa.
9 (RLIN) 150600
700 1# - ENTRADA AGREGADA--NOMBRE PERSONAL
Nombre de persona González-Hontoria y Fernández Ladreda, Manuel,
Fechas asociadas al nombre 1878-1954
9 (RLIN) 58721
852 ## - LOCALIZACIÓN
Ubicación ES-MaACL
Número de control de estantería F-8453
Holdings
Estatus retirado Estado de pérdida Estado de daño No para préstamo Biblioteca de origen Biblioteca actual Ubicación en estantería Fecha de adquisición Fuente de adquisición Total de préstamos Signatura topográfica completa Código de barras Visto por última vez Precio de reemplazo Tipo de ítem Koha
        Biblioteca del Ateneo de Madrid Biblioteca del Ateneo de Madrid Sala Pecera Planta 2 17/01/2008     F-8453 1111633 23/02/2023 23/02/2023 Libro impreso